| Tag |
First Indicator |
Second Indicator |
Subfields |
| LEADER |
00000cam a2200000 i 4500 |
| 001 |
in00000077482 |
| 005 |
20151008052749.0 |
| 008 |
780626s1891 enk 00000 eng |
| 035 |
|
|
|a (OCoLC)04008977
|
| 035 |
|
|
|9 AAH4778AM
|
| 040 |
|
|
|a DLC
|c RSC
|d TXA
|d UtOrBLW
|
| 041 |
1 |
|
|a eng
|a ger
|
| 049 |
|
|
|a TXAM
|c [151839]
|
| 050 |
|
0 |
|a LB675.R4
|b A4 1891
|
| 092 |
|
|
|a 370.1
|b R535
|
| 100 |
0 |
|
|a Jean Paul,
|d 1763-1825.
|
| 245 |
1 |
0 |
|a Levana ;
|b or, The doctrine of education /
|c Translated from the German. Preceded by a short biography of the author, and his autobiography, a fragment.
|
| 264 |
|
1 |
|a London :
|b G. Bell,
|c 1891.
|
| 300 |
|
|
|a xliv, 413 pages ;
|c 19 cm.
|
| 336 |
|
|
|a text
|b txt
|2 rdacontent
|
| 337 |
|
|
|a unmediated
|b n
|2 rdamedia
|
| 338 |
|
|
|a volume
|b nc
|2 rdacarrier
|
| 490 |
0 |
|
|a Bohn's standard library
|
| 650 |
|
0 |
|a Education.
|
| 999 |
|
|
|a MARS
|
| 999 |
f |
f |
|s 0f213153-6429-3a9e-9089-4fd0b0faab5f
|i 98c700b6-9456-38bb-96e2-ced76622f75a
|t 0
|
| 952 |
f |
f |
|p normal
|a Texas A&M University
|b College Station
|c Sterling C. Evans Library
|d Evans: Library Stacks
|t 0
|e LB675.R4 A4 1891
|h Library of Congress classification
|i unmediated -- volume
|m A14800819529
|
| 998 |
f |
f |
|a LB675.R4 A4 1891
|t 0
|l Evans: Library Stacks
|